LDR 00947nam a2200229 i 4500 001 000000101616 003 CaOOAMICUS 005 20260401170941.0 008 171109s1994 it u000 u mul u 020 $a88-11-10213-8 040 $aSeMil$bita 245 10$aDizionario Garzanti di tedesco :$btedesco - italiano, italiano - tedesco. 264 1$a[Milano] :$bGarzanti,$c1994. 300 $a1572 p. ;$c20 cm. 650 4$aLingua tedesca - Dizionari, vocabolari, glossari, etc.$0(OLS)http://semarc/subject/696 850 $aSeMil 852 $aSeMil$W1$xVenegono$y1$m1P I 59$j269576$B58368$CSeMilBibl$Z2$F69127 $81 961 $aOmaggio: Giacomoni Silvia 996 $6020$a88-11-10213-8$9(OLS)http://semarc/number/272659 996 $6245$aDizionario Garzanti di tedesco :$btedesco - italiano, italiano - tedesco$9(OLS)http://semarc/title/406937 996 $6264$a[Milano] :$bGarzanti$9(OLS)http://semarc/publisher/31829